Statistiques concernant Les Pokémons poissons

Cliquez ici pour prendre le quiz!

Statistiques générales

  • Ce quiz a été pris 21 fois
  • Le résultat moyen est 17 sur 47

Statistiques - réponses

#Nom% Correct
129Magicarpe
90%
130Léviator
75%
119Poissoroy
65%
320Wailmer
55%
321Wailord
55%
369Relicanth
50%
319Sharpedo
50%
550Bargantua
45%
349Barpau
45%
318Carvanha
45%
602Anchwatt
40%
603Lampéroie
40%
171Lanturn
40%
170Loupio
40%
350Milobellus
40%
118Poissireine
40%
223Rémoraid
40%
340Barbicha
35%
339Barloche
35%
226Démanta
35%
779Denticrisse
35%
456Ecayon
35%
746Froussardine
35%
370Lovdisc
35%
457Luminéon
35%
604Ohmassacre
35%
458Babimanta
30%
963Dofin
30%
902Paragruel
30%
211Qwilfish
30%
367Serpang
30%
964Superdofin
30%
134Aquali
25%
846Embrochet
25%
847Hastacuda
25%
594Mamambo
25%
978Nigirigon
25%
977Oyacata
25%
368Rosabyss
25%
445Carchacrok
20%
618Limonde
20%
904Qwilpik
20%
1004Yuyu
20%
444Carmache
15%
976Délestin
15%
443Griknot
15%
883Hydragla
5%

Distribution des résultats

Percentile par nombre de réponses

% des personnes avec chaque résultat

Votre développement - résultats

Vous n’avez pas pris ce quiz